Từ điển Tày-Nùng-Việt /
保存先:
| 第一著者: | |
|---|---|
| その他の著者: | , |
| フォーマット: | 図書 |
| 言語: | Vietnamese |
| 出版事項: |
H. :
Khoa học xã hội ,
1974
|
| 版: | In lần thứ 1 |
| 主題: | |
| タグ: |
タグ追加
タグなし, このレコードへの初めてのタグを付けませんか!
|
| Thư viện lưu trữ: | Thư viện Trường CĐ Kỹ Thuật Cao Thắng |
|---|
| LEADER | 00726nam a2200217 a 4500 | ||
|---|---|---|---|
| 001 | TVCDKTCT702 | ||
| 003 | Thư viện trường Cao đẳng Kỹ thuật Cao Thắng | ||
| 005 | 20050803000000 | ||
| 008 | 050803 | ||
| 980 | \ | \ | |a Thư viện Trường CĐ Kỹ Thuật Cao Thắng |
| 024 | |a RG_1 #1 eb0 i4 | ||
| 041 | 0 | # | |a vie |
| 082 | # | # | |a 495.9203 / |b H407M-t |
| 100 | 1 | # | |a Hoàng Văn Ma |
| 245 | 0 | 0 | |a Từ điển Tày-Nùng-Việt / |c Hoàng Văn Ma, Lục Văn Pảo, Hoàng Chí |
| 250 | # | # | |a In lần thứ 1 |
| 260 | # | # | |a H. : |b Khoa học xã hội , |c 1974 |
| 300 | # | # | |a 487tr. ; |c 19cm |
| 650 | # | 4 | |a Tiếng Việt--Từ điển |
| 700 | 0 | # | |a Lục Văn Pảo |
| 700 | 0 | # | |a Hoàng Chí |